00620nam a22001937a 450000500170000000800410001702000180005804000180007605000160009408200200011010000230013024500660015325000120021926000520023130000220028365000430030565000360034865000420038420231121154811.0231121b ||||| |||| 00| 0 eng d a9789350247594 cAIMIT LIBRARY a658.7bBHAK 21a658.7 bBHAK aBhat, K Shridhara. aLogistics and supply chain management /cby K Shridhara Bhat. a1st ed. aNew Delhi :bHimalaya Publishing House ,c2014. a598p.;bPBc29cm. aDemand management and customer service aLogistics planning and strategy aPurchasing and supply chain decisions